Länder der Welt - Statistiken

Allgemein
  • Dieses Quiz wurde 43 mal gespielt
  • Das Durchschnittsergebnis liegt bei 123 aus 196
Antwortstatistiken
Antwort % Korrekt
Kanada
97%
Belgien
87%
Finnland
87%
Island
87%
Schweiz
87%
Andorra
84%
China
84%
Dänemark
84%
Deutschland
84%
Irland
84%
Niederlande
84%
Norwegen
84%
Polen
84%
Schweden
84%
Frankreich
81%
Luxemburg
81%
Mexiko
81%
Österreich
81%
Portugal
81%
Russland
81%
Slowakei
81%
Slowenien
81%
Spanien
81%
Tschechien
81%
Ägypten
77%
Albanien
77%
Argentinien
77%
Brasilien
77%
Chile
77%
Indien
77%
Italien
77%
Peru
77%
Ungarn
77%
Australien
74%
Japan
74%
Jemen
74%
Kroatien
74%
Liechtenstein
74%
Monaco
74%
Niger
74%
Nigeria
74%
San Marino
74%
Südafrika
74%
Sudan
74%
Thailand
74%
Türkei
74%
Ukraine
74%
Vatikan
74%
Venezuela
74%
Belarus
71%
Bosnien und Herzegowina
71%
Estland
71%
Honduras
71%
Indonesien
71%
Iran
71%
Kosovo
71%
Lettland
71%
Litauen
71%
Senegal
71%
Serbien
71%
Togo
71%
Armenien
68%
Belize
68%
Bulgarien
68%
Dominikanische Republik
68%
Griechenland
68%
Irak
68%
Mali
68%
Moldawien
68%
Mongolei
68%
Namibia
68%
Neuseeland
68%
Nordkorea
68%
Rumänien
68%
Südkorea
68%
Tunesien
68%
Uruguay
68%
Algerien
65%
Demokratische Republik Kongo
65%
Dominica
65%
Ecuador
65%
Israel
65%
Kasachstan
65%
Kenia
65%
Kolumbien
65%
Marokko
65%
Nordmazedonien
65%
Oman
65%
Republik Kongo
65%
Sri Lanka
65%
Südsudan
65%
Syrien
65%
Vietnam
65%
Antigua und Barbuda
61%
Bahamas
61%
Guyana
61%
Haiti
61%
Jordanien
61%
Kuba
61%
Libyen
61%
Montenegro
61%
Pakistan
61%
Panama
61%
Paraguay
61%
Suriname
61%
Taiwan
61%
Bolivien
58%
Costa Rica
58%
Eritrea
58%
Fidschi
58%
Ghana
58%
Kirgisistan
58%
Laos
58%
Madagaskar
58%
Malta
58%
St. Kitts und Nevis
58%
Usbekistan
58%
Vereinigte Arabische Emirate
58%
Zypern
58%
Afghanistan
55%
Angola
55%
Aserbaidschan
55%
Bangladesch
55%
Barbados
55%
Benin
55%
Bhutan
55%
Elfenbeinküste
55%
Gambia
55%
Georgien
55%
Grenada
55%
Großbritannien
55%
Guatemala
55%
Guinea
55%
Jamaika
55%
Kamerun
55%
Kiribati
55%
Malawi
55%
Malaysia
55%
Nepal
55%
Nicaragua
55%
Philippinen
55%
Samoa
55%
Saudi-Arabien
55%
Tonga
55%
Tschad
55%
Vanuatu
55%
Botswana
52%
El Salvador
52%
Guinea-Bissau
52%
Lesotho
52%
Libanon
52%
Liberia
52%
Malediven
52%
Marshall-Inseln
52%
Mauretanien
52%
Nauru
52%
Sambia
52%
Singapur
52%
St. Lucia
52%
St. Vincent und die Grenadinen
52%
Tansania
52%
Tuvalu
52%
Uganda
52%
Zentralafrikanische Republik
52%
Äquatorialguinea
48%
Äthiopien
48%
Brunei
48%
Burkina Faso
48%
Dschibuti
48%
Eswatini
48%
Gabun
48%
Kambodscha
48%
Katar
48%
Mikronesien
48%
Osttimor
48%
Papua-Neuguinea
48%
São Tomé und Principe
48%
Seychellen
48%
Bahrain
45%
Burundi
45%
Kap Verde
45%
Kuwait
45%
Myanmar
45%
Palau
45%
Ruanda
45%
Salomonen
45%
Sierra Leone
45%
Tadschikistan
45%
Turkmenistan
45%
Vereinigte Staaten von Amerika
45%
Komoren
42%
Mauritius
42%
Mosambik
42%
Simbabwe
42%
Somalia
39%
Trinidad und Turbago
6%
Keine übereinstimmenden Quizze gefunden
Verteilung der Resultate
Anzahl Personen mit jedem Resultat
Perzentil nach korrekt beantworteten Fragen
Ihre Resultats-Entwicklung
Sie haben dieses Quiz noch nicht gespielt